DC DUTTA'S TB. OF GYNAECOLOGY (Record no. 23321)

MARC details
000 -LEADER
fixed length control field 00391nam a22001697a 4500
003 - CONTROL NUMBER IDENTIFIER
control field SGT
020 ## - INTERNATIONAL STANDARD BOOK NUMBER
International Standard Book Number 9789389587883
082 ## - DEWEY DECIMAL CLASSIFICATION NUMBER
Classification number 618.1
Item number D20K
100 ## - MAIN ENTRY--PERSONAL NAME
Personal name KONAR, HIRALAL
245 ## - TITLE STATEMENT
Title DC DUTTA'S TB. OF GYNAECOLOGY
250 ## - EDITION STATEMENT
Edition statement 8TH
260 ## - PUBLICATION, DISTRIBUTION, ETC. (IMPRINT)
Place of publication, distribution, etc INDIA
Name of publisher, distributor, etc JAY[PEE PUB
Year of Publication 2020
300 ## - PAGE DESCRIPTION
No. of Pages 586
650 ## - SUBJECT ADDED ENTRY--TOPICAL TERM
Topical term or geographic name as entry element OBST & GYNAE
653 ## - KEYWORDS--INDEX TERM
Keyword term DC DUTTA'S TB. OF GYNAECOLOGY
942 ## - ADDED ENTRY ELEMENTS (KOHA)
Source of classification or shelving scheme Dewey Decimal Classification
Koha item type Books
942 ## - ADDED ENTRY ELEMENTS (KOHA)
-- 50
Holdings
Withdrawn status Lost status Source of classification or shelving scheme Damaged status Not for loan Collection code Home library Current library Shelving location Date acquired Vendor Name Cost, normal purchase price SGTU Bill Number Total Checkouts Full call number Accession No. (Barcode) Date last seen Date last borrowed Bill Date Koha item type
    Dewey Decimal Classification     MEDICAL SGT Medical Library SGT Medical Library Text Book 13/09/2022 ABC DELHI 1195.00 SGTU 14815 6 618.1 D20K FM13286 22/01/2026 08/01/2026 27/07/2022 Books
    Dewey Decimal Classification     MEDICAL SGT Medical Library SGT Medical Library Text Book 13/09/2022 ABC DELHI 1195.00 SGTU 14815 3 618.1 D20K FM13287 27/06/2025 10/06/2025 27/07/2022 Books
    Dewey Decimal Classification     MEDICAL SGT Medical Library SGT Medical Library Text Book 13/09/2022 ABC DELHI 1195.00 SGTU 14815 15 618.1 D20K FM13288 30/03/2026 23/03/2026 27/07/2022 Books
    Dewey Decimal Classification     MEDICAL SGT Medical Library SGT Medical Library Text Book 13/09/2022 ABC DELHI 1195.00 SGTU 14815 6 618.1 D20K FM13289 30/04/2024 09/04/2024 27/07/2022 Books
    Dewey Decimal Classification     MEDICAL SGT Medical Library SGT Medical Library Text Book 13/09/2022 ABC DELHI 1195.00 SGTU 14815 8 618.1 D20K FM13290 08/11/2025 28/10/2025 27/07/2022 Books
    Dewey Decimal Classification     MEDICAL SGT Medical Library SGT Medical Library Text Book 13/09/2022 ABC DELHI 1195.00 SGTU 14815 4 618.1 D20K FM13291 11/04/2025 20/11/2024 27/07/2022 Books
    Dewey Decimal Classification     MEDICAL SGT Medical Library SGT Medical Library Text Book 13/09/2022 ABC DELHI 1195.00 SGTU 14815 12 618.1 D20K FM13292 01/05/2025 01/05/2025 27/07/2022 Books
    Dewey Decimal Classification     MEDICAL SGT Medical Library SGT Medical Library Text Book 13/09/2022 ABC DELHI 1195.00 SGTU 14815 1 618.1 D20K FM13293 12/10/2023 12/10/2023 27/07/2022 Books
    Dewey Decimal Classification     MEDICAL SGT Medical Library SGT Medical Library Text Book 13/09/2022 ABC DELHI 1195.00 SGTU 14815 6 618.1 D20K FM13294 10/04/2026 27/03/2026 27/07/2022 Books
    Dewey Decimal Classification     MEDICAL SGT Medical Library SGT Medical Library Text Book 13/09/2022 ABC DELHI 1195.00 SGTU 14815 5 618.1 D20K FM13295 27/02/2023 13/02/2023 27/07/2022 Books